000 00707nam a2200205 i 4500
001 165986
003 ES-MaACL
005 20251015063148.0
008 950504s1860 fr |||| | fre d
040 _aEUS
_bspa
_cEUS
100 1 _aTaine, Hippolyte,
_d1828-1893
_9109085
245 1 0 _aEssai sur Tite Live /
_cpar H. Taine.
250 _a2e éd.
260 _aParis :
_bLibrairie de L. Hachette et Cie,
_c1860 (
_fImprimerie de Ch. Lahure et Cie.)
300 _aVIII, 348 p. ;
_c18 cm.
500 _aOuvrage couronné par l'Académie Française.
600 1 7 _aLivio, Tito,
_d59 a.C.-17 d.C.
_2embne
_972600
852 _aES-MaACL
_jF-11769
_z-- Enc. pasta española
999 _c165986
_d165986